000 00570nam a22001697a 4500
005 20251108164801.0
008 250721s1995 xx 000 0 ara d
082 1 4 _a296.8/نعي
100 1 _aالنعيمي، أحمد نوري
245 1 0 _aيهود الدونمه :
_bدراسة في الأصول و العقائد و المواقف /
264 1 _aبيروت :
_bمؤسسة الرساله للنشر والتوزيع،
_c1995.
300 _a112ص.
650 1 7 _aالطوائف اليهودية
650 1 7 _aالدونمه
942 _2ddc
_cBK
999 _c14288
_d14288